UK Towns Quiz - Herefordshire - Statistics

General Stats
  • This quiz has been taken 163 times
  • The average score is 10 of 36
Answer Stats
Clue Population Town % Correct
H 60,475 Hereford
100%
L 11,211 Leominster
84%
R 10,978 Ross
79%
L 8,346 Ledbury
71%
B 3,822 Bromyard
56%
K 2,422 Kington
56%
W 1,274 Weobley
32%
K 1,501 Kingstone
28%
C 2,332 Credenhill
26%
C 1,215 Clehonger
24%
M 745 Madley
22%
L 534 Lugwardine
21%
M 891 Moreton
21%
B 1,656 Bartestree
19%
E 1,039 Ewyas Harold
19%
F 765 Fownhope
19%
L 611 Leintwardine
19%
O 631 Orleton
19%
P 511 Pembridge
19%
S 962 Sutton
19%
E 565 Eardisley
18%
K 605 Kingsland
18%
W 963 Withington
16%
B 670 Bodenham
15%
W 528 Wigmore
15%
B 737 Brimfield
13%
K 539 Kings Acre
13%
L 501 Lea
13%
C 1,859 Colwall Stone
12%
W 558 Wellington Heath
12%
K 677 Kings Thorn
10%
W 588 Wilton
10%
L 525 Luston
9%
T 528 Tarrington
9%
G 665 Gorsley Common
7%
W 774 Westfield
7%
No matching quizzes found
Score Distribution
Percent of People with Each Score
Percentile by Number Answered
Your Score History
You have not taken this quiz